|
|
|
|
| LEADER |
00000cam a2200000 7i4500 |
| 001 |
0000002005 |
| 002 |
000002188 |
| 005 |
20000330.0 |
| 020 |
|
|
|a 0866566880
|
| 090 |
0 |
0 |
|a 026.0251732
|b NEW
|
| 245 |
0 |
0 |
|a Newspapers in the library :
|b New approaches to management and reference work
|c edited by Lois N.Upham
|
| 260 |
|
|
|a New York :
|b The Haworth Press ,
|c 1988
|
| 300 |
|
|
|a 167p. ;
|c 22cm.
|
| 650 |
0 |
0 |
|a Libraries
|x Special collections
|x Newspapers
|
| 650 |
0 |
0 |
|a Newspaper and periodical libraries
|
| 650 |
0 |
0 |
|a Reference services (Libraries)
|
| 700 |
1 |
|
|a Upham, Lois N
|
| 999 |
|
|
|a 033764
|b BUKU
|c RUJUKAN
|e PERPUSTAKAAN KOMUNITI PETALING JAYA
|